LEADER 03564nam 22006492 450 001 9910450613703321 005 20160511153351.0 010 $a1-107-11353-9 010 $a0-521-03905-3 010 $a1-280-41858-3 010 $a9786610418589 010 $a0-511-17659-7 010 $a0-511-15748-7 010 $a0-511-30452-8 010 $a0-511-53487-6 010 $a0-511-05377-0 035 $a(CKB)1000000000006031 035 $a(EBL)202345 035 $a(OCoLC)444856984 035 $a(SSID)ssj0000220705 035 $a(PQKBManifestationID)11910787 035 $a(PQKBTitleCode)TC0000220705 035 $a(PQKBWorkID)10157224 035 $a(PQKB)10055864 035 $a(UkCbUP)CR9780511534874 035 $a(MiAaPQ)EBC202345 035 $a(Au-PeEL)EBL202345 035 $a(CaPaEBR)ebr10030922 035 $a(CaONFJC)MIL41858 035 $a(EXLCZ)991000000000006031 100 $a20090429d2002|||| uy| 0 101 0 $aeng 135 $aur||||||||||| 181 $ctxt$2rdacontent 182 $cc$2rdamedia 183 $acr$2rdacarrier 200 10$aPhase transition dynamics /$fAkira Onuki$b[electronic resource] 210 1$aCambridge :$cCambridge University Press,$d2002. 215 $a1 online resource (x, 714 pages) $cdigital, PDF file(s) 300 $aTitle from publisher's bibliographic system (viewed on 05 Oct 2015). 311 $a0-511-03974-3 311 $a0-521-57293-2 320 $aIncludes bibliographical references and index. 327 $aPart I. Statics: 1. Spin systems and fluids -- 2. Critical fluctuations and scaling -- 3. Mean field theories -- 4. Advanced theories in statics --- Part II. Dynamic Models and Dynamics in Fluids and Polymers: 5. Dynamical models 6. Dynamics in fluids -- 7. Dynamics in polymers and gels --- Part III. Dynamics of Phase Changes: 8. Phase ordering and defect dynamics -- 9. Nucleation -- 10. Phase transition dynamics in solids -- 11. Phase transitions of fluids in shear flow. 330 $aPhase transition dynamics is centrally important to condensed matter physics. This 2002 book treats a wide variety of topics systematically by constructing time-dependent Ginzburg-Landau models for various systems in physics, metallurgy and polymer science. Beginning with a summary of advanced statistical-mechanical theories including the renormalization group theory, the book reviews dynamical theories, and covers the kinetics of phase ordering, spinodal decomposition and nucleation in depth. The phase transition dynamics of real systems are discussed, treating interdisciplinary problems in a unified manner. Topics include supercritical fluid dynamics, stress-diffusion coupling in polymers and mesoscopic dynamics at structural phase transitions in solids. Theoretical and experimental approaches to shear flow problems in fluids are reviewed. Phase Transition Dynamics provides a comprehensive account, building on the statistical mechanics of phase transitions covered in many introductory textbooks. It will be essential reading for researchers and advanced graduate students in physics, chemistry, metallurgy and polymer science. 606 $aPhase transformations (Statistical physics) 606 $aCondensed matter 615 0$aPhase transformations (Statistical physics) 615 0$aCondensed matter. 676 $a530.4/14 700 $aO?nuki$b Akira$021231 801 0$bUkCbUP 801 1$bUkCbUP 906 $aBOOK 912 $a9910450613703321 996 $aPhase transition dynamics$9338917 997 $aUNINA LEADER 01807oam 2200421Ia 450 001 9910699945903321 005 20110127115201.0 035 $a(CKB)5470000002406498 035 $a(OCoLC)697198216 035 $a(EXLCZ)995470000002406498 100 $a20110117d2010 ua 0 101 0 $aeng 135 $aurcn||||||||| 181 $ctxt$2rdacontent 182 $cc$2rdamedia 183 $acr$2rdacarrier 200 00$aResonant vibrations resulting from the re-engineering of a constant-speed 2-bladed turbine to a variable-speed 3-bladed turbine$b[electronic resource] $epreprint /$fP.A. Fleming ... [and others] 210 1$a[Golden, CO] :$cNational Renewable Energy Laboratory,$d[2010] 215 $a1 online resource (14 pages) $ccolor illustrations 225 1 $aNREL/CP ;$v5000-50009 300 $aTitle from title screen (viewed January 17, 2011). 300 $a"To be presented at 49th AIAA Aerospace Sciences Meeting, 2011, Orlando, Florida, January 4-7, 2011." 300 $a"December 2010." 320 $aIncludes bibliographical references (page 14). 517 $aResonant vibrations resulting from the re-engineering of a constant-speed 2-bladed turbine to a variable-speed 3-bladed turbine 606 $aWind turbines$xVibration$xResearch 606 $aFrequencies of oscillating systems 615 0$aWind turbines$xVibration$xResearch. 615 0$aFrequencies of oscillating systems. 701 $aFleming$b Paul A$01415597 712 02$aNational Renewable Energy Laboratory (U.S.) 801 0$bSOE 801 1$bSOE 801 2$bGPO 906 $aBOOK 912 $a9910699945903321 996 $aResonant vibrations resulting from the re-engineering of a constant-speed 2-bladed turbine to a variable-speed 3-bladed turbine$93518100 997 $aUNINA LEADER 03887oam 2200805Mn 450 001 9910799976103321 005 20230421043909.0 010 $a1-134-69100-9 010 $a1-134-69101-7 010 $a1-280-33208-5 010 $a0-203-26805-9 010 $a0-203-02556-3 035 $a(CKB)1000000000360719 035 $a(EBL)169659 035 $a(OCoLC)277665611 035 $a(SSID)ssj0000329720 035 $a(PQKBManifestationID)11256074 035 $a(PQKBTitleCode)TC0000329720 035 $a(PQKBWorkID)10309143 035 $a(PQKB)10436996 035 $a(SSID)ssj0000277044 035 $a(PQKBManifestationID)11954829 035 $a(PQKBTitleCode)TC0000277044 035 $a(PQKBWorkID)10245823 035 $a(PQKB)10686877 035 $a(MiAaPQ)EBC169659 035 $a(OCoLC)821812858 035 $a(OCoLC-P)821812858 035 $a(FlBoTFG)9780203025567 035 $a(EXLCZ)991000000000360719 100 $a20071003j199803uu uy 0 101 0 $aeng 135 $aur|n||||||||| 181 $ctxt 182 $cc 183 $acr 200 10$aAspects Mod Lang Teach Europe 210 $aLondon $cRoutledgeFalmer$dMarch 1998$aLos Angeles $cSony Electronics [distributor] 215 $a1 online resource (248 p.) 300 $aDescription based upon print version of record. 311 $a1-138-42115-4 311 $a0-415-17284-5 327 $aBook Cover; Title; Contents; Notes on contributors; Acknowledgements; Introduction; Focus on language learner autonomy; Training language learners to learn MANUEL JIMNEZ RAYA; Now you are on your own! Developing independent language learning strategies TERRY LAMB; Multimedia in computer-assisted language learning WILHELM GRIEHABER; French for beginners: computer-assisted language instruction ELKE STRACKE-ELBINA; Focus on the classroom; Through the camera's lens: an innovative approach to analysing literature PAMELA FABER 327 $aSimulated living abroad: a new way of modern language acquisition LOTHAR BUNNPortraying the complexity of L2 classroom interaction PAUL SEEDHOUSE; Aspects of grammar in the classroom; The place of grammar in modern language teaching ANTONY J.PECK; From linguistic theory to syllabus design and classroom practice GEORGIA CATSIMALI; Spice up your German! Teaching modal particles LINUS JUNG; Vocabulary training; Dictionary awareness CARLOS F.MRQUEZ LINARES; Lexical hierarchies as a strategy of teaching vocabulary CATALINA JIMNEZ HURTADO 327 $a'Let's take the bull by the horns!' Phraseology in modern language teaching WOLF GEWEHRSelecting idioms to enrich modern language teaching SOPHIA ZEVGOLI; Index 330 8 $aAnnotation$bIn this book teaching experience and research from practitioners in four European countries throw new light on old problems faced every day, while other reveal innovative teaching methods and insights into how teachers and learners interact. 606 $aEurope 606 $aLanguages, Modern 606 $aLanguages, Modern - Study and teaching - Europe 606 $aStudy and teaching 606 $aLanguages, Modern$xStudy and teaching$zEurope 606 $aWestern European Languages - General$2HILCC 606 $aLanguages & Literatures$2HILCC 615 4$aEurope. 615 4$aLanguages, Modern. 615 4$aLanguages, Modern - Study and teaching - Europe. 615 4$aStudy and teaching. 615 0$aLanguages, Modern$xStudy and teaching 615 7$aWestern European Languages - General 615 7$aLanguages & Literatures 676 $a418.00704 676 $a418.007104 676 $a418/.007/04 712 02$aGerman, Greek, English, Spanish Teacher-Training Project 801 0$bOCoLC-P 801 1$bOCoLC-P 906 $aBOOK 912 $a9910799976103321 996 $aAspects Mod Lang Teach Europe$93873356 997 $aUNINA